Contabilidad general

Wedi'i Gadw mewn:
Manylion Llyfryddiaeth
Prif Awdur: Argaluza Fano, Agustín (Awdur)
Fformat: Llyfr
Iaith:Sbaeneg
Cyhoeddwyd: Santiago Universitaria 1973
Rhifyn:9a. ed
Pynciau:
Tagiau: Ychwanegu Tag
Dim Tagiau, Byddwch y cyntaf i dagio'r cofnod hwn!

MARC

LEADER 00000nam a2200000 a 4500
001 UCR9836
003 CL-VaPUC
008 980619e19730200CL |||||||||||||||||spa|d
082 0 4 |a 657  |b ARG  |2 21 
100 0 |a Argaluza Fano, Agustín  |e author  |9 412772 
245 1 0 |a Contabilidad general 
250 |a 9a. ed 
300 |a 134 p 
942 |c BK 
945 |d 19980619 00:00:00  |a cmena 
260 |a Santiago  |b Universitaria  |c 1973 
650 0 |a Contabilidad   |9 261430 
650 0 |a Contabilidad de costos   |9 260564 
650 0 |a Estados de cuentas  |9 352305 
650 0 |a Administración financiera  |9 261146 
650 0 |a Auditoría  |9 307008 
650 0 |a Deudas   |9 350077 
650 0 |a Costos   |9 261063 
650 7 |a GANANCIAS  |2 CL-VaPUC  |9 307105 
583 |a last modification  |c 19980619 00:00:00  |k Rodrigo Vera 
999 |c 271012  |d 271010 
952 |0 0  |1 0  |4 0  |6 657_000000000000000_ARG_1973  |7 0  |8 A  |9 305496  |a BIBENE  |b BIBENE  |d 2019-11-20  |i 1422111  |o 657 ARG 1973  |p 1422111  |r 2025-01-15  |w 2019-11-20  |y BK  |k ICO